000 00371nam a2200133Ia 4500
005 20260328104327.0
008 260328s9999||||xx |||||||||||||| ||und||
100 _aCiardini, F.
245 0 _aLos Centros Históricos :
_b politica Urbanistica y Programas de actuación /
_cF. Ciardini
260 _bGustavo Gili
300 _a268 p.
650 _aURBANISMO
942 _cBK
999 _c11565
_d11565